<?xml version='1.0' encoding='UTF-8'?>
  <record xmlns="http://www.loc.gov/MARC21/slim">
    <leader>00000nam a22000007i 4500</leader>
    <controlfield tag="001">ocn967520141</controlfield>
    <controlfield tag="003">OCoLC</controlfield>
    <controlfield tag="005">20250531234935.4</controlfield>
    <controlfield tag="008">991018s1587    gw            000 0 ger d</controlfield>
    <datafield tag="040" ind1=" " ind2=" ">
      <subfield code="a">QGJ</subfield>
      <subfield code="b">dut</subfield>
      <subfield code="c">QGJ</subfield>
    </datafield>
    <datafield tag="035" ind1=" " ind2=" ">
      <subfield code="a">(OCoLC)967520141</subfield>
    </datafield>
    <datafield tag="245" ind1="0" ind2="0">
      <subfield code="a">Gulichsche Accysz Ordnung wie dieselb zu Bestellung, Annemung und Underhaldung etlicher Kriegsleuth zu Rosz und Fusz, die zu Abwendung dess ungeburlichen Streuffens, Raubens, Pflunderens, Fangen, Spannen und Rantzionierens gebraucht werden sollen, in Junio dieses sieben undachtzigsten Jahrs einhellig auff zwey Jahr lang und lenger nit als auff den ersten Augusti dieses itzigen Jahrs ... vermogh dess Anscheidts auff allerley in, ab, auss unnd durchgehende Wharen zu Wasser und zu Landt gesetzt verordent und bewilligt ...</subfield>
    </datafield>
    <datafield tag="260" ind1=" " ind2=" ">
      <subfield code="a">Getruckt zu Dusseldorff :</subfield>
      <subfield code="b">durch Alberten Buyss,</subfield>
      <subfield code="c">[1587]</subfield>
    </datafield>
    <datafield tag="300" ind1=" " ind2=" ">
      <subfield code="a">-- p. ;</subfield>
      <subfield code="c">20 cm</subfield>
    </datafield>
    <datafield tag="336" ind1=" " ind2=" ">
      <subfield code="a">text</subfield>
      <subfield code="b">txt</subfield>
      <subfield code="2">rdacontent</subfield>
    </datafield>
    <datafield tag="337" ind1=" " ind2=" ">
      <subfield code="a">unmediated</subfield>
      <subfield code="b">n</subfield>
      <subfield code="2">rdamedia</subfield>
    </datafield>
    <datafield tag="338" ind1=" " ind2=" ">
      <subfield code="a">volume</subfield>
      <subfield code="b">nc</subfield>
      <subfield code="2">rdacarrier</subfield>
    </datafield>
    <datafield tag="340" ind1=" " ind2=" ">
      <subfield code="m">4-o.</subfield>
    </datafield>
    <datafield tag="562" ind1=" " ind2=" ">
      <subfield code="a">Binding note: S qu 382 dl 7.</subfield>
      <subfield code="5">NL-UtRU</subfield>
    </datafield>
    <datafield tag="510" ind1="0" ind2=" ">
      <subfield code="a">Van Someren 390</subfield>
    </datafield>
    <datafield tag="510" ind1="0" ind2=" ">
      <subfield code="a">VD 16.1 niet</subfield>
    </datafield>
    <datafield tag="500" ind1=" " ind2=" ">
      <subfield code="a">Imprint: Getruckt zu Dusseldorff, durch Alberten Buyss.</subfield>
    </datafield>
    <datafield tag="500" ind1=" " ind2=" ">
      <subfield code="a">Collational formula: A-C:4.</subfield>
    </datafield>
    <datafield tag="530" ind1=" " ind2=" ">
      <subfield code="a">Also available in online version.</subfield>
    </datafield>
    <datafield tag="776" ind1="0" ind2="8">
      <subfield code="i">Online version:</subfield>
      <subfield code="t">Gulichsche Accysz Ordnung wie dieselb zu Bestellung, Annemung und Underhaldung etlicher Kriegsleuth zu Rosz und Fusz, die zu Abwendung dess ungeburlichen Streuffens, Raubens, Pflunderens, Fangen, Spannen und Rantzionierens gebraucht werden sollen, in Junio dieses sieben undachtzigsten Jahrs einhellig auff zwey Jahr lang und lenger nit als auff den ersten Augusti dieses itzigen Jahrs ... vermogh dess Anscheidts auff allerley in, ab, auss unnd durchgehende Wharen zu Wasser und zu Landt gesetzt verordent und bewilligt ...</subfield>
      <subfield code="d">Getruckt zu Dusseldorff : durch Alberten Buyss, [1587]</subfield>
    </datafield>
    <datafield tag="856" ind1="4" ind2="2">
      <subfield code="u">http://objects.library.uu.nl/reader/resolver.php?obj=001665730&amp;type=2</subfield>
      <subfield code="x">Online</subfield>
      <subfield code="z">Full Text</subfield>
    </datafield>
    <datafield tag="936" ind1=" " ind2=" ">
      <subfield code="a">BATCHLOAD</subfield>
    </datafield>
  </record>